000 00687nam a2200241Ia 4500
003 OSt
005 20221005131517.0
006 a|||||r|||| 00| 0
007 ta
008 221004b |||||||| |||| 00| 0 eng d
024 _a69301
037 _cTextual
040 _aCRL
_cCRL
_beng
041 _2eng
_aeng
082 _aX6.1.N5, J4
100 _aBloomfield Arthur I.
_9269732
245 0 _aSpeculative and flight movements of capital in postwar International finance
260 _c1954
490 _aPrinceton studies in International finance no. 3
650 _aECONOMICS
942 _hX6.1.N5, J4
_cTEXL
_2cc
999 _c1060564
_d1060564